| 000 | 00000nam 2200000za 4500 |
| 001 | 9.828381 |
| 003 | CaOODSP |
| 005 | 20250403105824 |
| 007 | cr ||||||||||| |
| 008 | 161124s1901 onc #of f000 0 fre d |
| 040 | |aCaOODSP|bfre |
| 043 | |an-cn--- |
| 045 | |ax0x0 |
| 086 | 1 |aCS98-1901IF-PDF|zCS98-1901I |
| 245 | 00|aQuatrième recensement du Canada 1901, instructions aux officiers en chef, commissaires et énumérateurs. |h[ressource électronique]. |
| 246 | 30|aInstructions aux officiers en chef, commissaires et énumérateurs. |
| 260 | |aOttawa : |b[Bureau du recensement, Département de l'agriculture], |c1901 |f(Imprimerie de l'état) |
| 300 | |a42 p. |
| 500 | |aPublication du recensement historique numérisée en 2011 par Statistique Canada. |
| 500 | |aPublié aussi en anglais sous le titre : Fourth census of Canada 1901, instructions to chief officers, commissioners and enumerators. |
| 520 | 0 |aComprend les instructions aux officiers employés a faire le recensement et l'Acte concernant le recensement. |
| 692 | 07|2gccst|aRecensement |
| 692 | 07|2gccst|aManuel |
| 710 | 1 |aCanada. |bMinistère de l'agriculture. |
| 710 | 1 |aCanada. |bBranche du recensement. |
| 710 | 2 |aStatistique Canada. |
| 775 | 08|tFourth census of Canada 1901, instructions to chief officers, commissioners and enumerators |w(CaOODSP)9.828375 |
| 856 | 40|qPDF|s1.27 Mo|uhttps://publications.gc.ca/collections/collection_2016/statcan/CS98-1901I-fra.pdf |